Moderna tecnología del petróleo: descripción amplia del estado actual de los conocimientos técnicos en esta industria
Gardado en:
| Autor Corporativo: | |
|---|---|
| Formato: | Libro |
| Idioma: | Lingua castelá |
| Publicado: |
Barcelona
Reverté
1963
|
| Subjects: | |
| Tags: |
Engadir etiqueta
Sen Etiquetas, Sexa o primeiro en etiquetar este rexistro!
|
MARC
| LEADER | 00000nam a2200000 a 4500 | ||
|---|---|---|---|
| 001 | UCP2569 | ||
| 003 | CL-VaPUC | ||
| 008 | 990520e19630000SP |||||||||||||||||spa|d | ||
| 082 | 0 | 4 | |a 665.5 |b INS |2 21 |
| 110 | 2 | |a Institute of Petroleum |e author |9 429392 | |
| 245 | 1 | 0 | |a Moderna tecnología del petróleo: descripción amplia del estado actual de los conocimientos técnicos en esta industria |
| 300 | |a 734 p | ||
| 942 | |c BK | ||
| 945 | |d 19990520 00:00:00 |a cmena | ||
| 260 | |a Barcelona |b Reverté |c 1963 | ||
| 650 | 0 | |a Combustibles |9 271720 | |
| 650 | 7 | |a PETROLEO |2 CL-VaPUC |9 320865 | |
| 650 | 7 | |a TECNOLOGIA DEL PETROLEO |2 CL-VaPUC |9 338072 | |
| 650 | 7 | |a INDUSTRIA PETROLIFERA |2 CL-VaPUC |9 364004 | |
| 583 | |a last modification |c 19990520 00:00:00 |k Rodrigo Vera | ||
| 999 | |c 281083 |d 281081 | ||